LIBRARY & INFORMATION CENTRE, KCAET, TAVANUR

ONLINE PUBLIC ACCESS CATALOGUE (OPAC)

Design of valves and fittings / (Record no. 7751)

MARC details
000 -LEADER
fixed length control field 00369cam a2200145ua 4500
041 ## - LANGUAGE CODE
Language code of text/sound track or separate title eng
082 ## - DEWEY DECIMAL CLASSIFICATION NUMBER
Classification number 621.84
Item number PEA/DE
100 ## - MAIN ENTRY--AUTHOR NAME
Personal name Pearson, G.H .
245 ## - TITLE STATEMENT
Title Design of valves and fittings /
260 ## - PUBLICATION, DISTRIBUTION, ETC. (IMPRINT)
Place of publication London :
Name of publisher Sir Isaac Pitman & Sons Ltd ,
Year of publication 1964.
300 ## - PHYSICAL DESCRIPTION
Number of Pages ; .
942 ## - ADDED ENTRY ELEMENTS (KOHA)
Koha item type Books
Holdings
Withdrawn status Lost status Damaged status Home library Current library Date acquired Full call number Accession Number Koha item type
      KAUAET KAUAET 07/04/2012 621.84 6054 Books
free website counter